000 00735nam a2200265Ia 4500
003 OSt
005 20221005121602.0
006 a|||||r|||| 00| 0
007 ta
008 221004b |||||||| |||| 00| 0 eng d
024 _a43129
037 _cTextual
040 _aCRL
_cCRL
_beng
041 _2eng
_aeng
082 _aO15:v2:M5, 111A-;1
100 _aWeber Albrecht
245 0 _aHistory of Indian literature tr from German by John Mann and Theodor Zachariae
250 _a2nd
260 _c1870
490 _aTrubner's oriental series; 4
650 _a ENGLISH LITERATURE
650 _aSANSKRIT LITERATURE
942 _hO15:v2:M5, 111A-;1
_cTEXL
_2cc
999 _c1041626
_d1041626